000 00891cam a22002531a 4500
001 sa 66004154
003 DLC
005 20260227112240.0
008 840521s1962 ii c 000 0 eng
010 _asa 66004154
035 _a(OCoLC)10755552
040 _aDLC
_cCCC
_dCCC
_dDLC
041 0 _aenghin
042 _apremarc
050 0 0 _aBL1146.G62
_bB3
100 1 _aBanerjea, Akshaya Kumar.
245 1 0 _aPhilosophy of Gorakhnath with Goraksha-Vacana-Sangraha /
_cby Akshaya Kumar Banerjea ; with a prefatory note by Mahamahopadhyaya Gopinath Kaviraj ; and foreword by C.P. Ramaswami Aiyar.
260 _aGorakhpur :
_bMahant Dig Vijai Nath Trust,
_c1962.
300 _axxxiv, 343 (i.e. 355) p. :
_bport. ;
_c25 cm.
500 _aAppendices in Hindi and English.
500 _aAppendices: p. 321-343 (i.e. 333-355)
500 _aErrata slip inserted.
600 0 0 _aGorakhanātha.
999 _c69258
_d69258